| 000 | 00610cam a2200229 a 4500 | ||
|---|---|---|---|
| 001 | 3750761 | ||
| 005 | 20180127083342.0 | ||
| 008 | 820527s1983 mdua b 001 0 eng | ||
| 010 | _a 82011170 | ||
| 020 | _a0683055747 | ||
| 040 |
_aDLC _cDLC _dDLC |
||
| 041 | _aeng | ||
| 060 | _aWG 140 M359p | ||
| 080 | _a616.1207 | ||
| 082 | 0 | 0 |
_a616.1207 MAR _219 |
| 100 | 1 | _aMarriott, Henry J. L. | |
| 101 | _aKAR | ||
| 245 | 1 | 0 |
_aPractical electrocardiography / _cHenry J.L. Marriott. |
| 504 | _aIncludes bibliographies and index. | ||
| 906 |
_a7 _bcbc _corignew _d1 _eocip _f19 _gy-gencatlg |
||
| 942 |
_2ddc _cBK |
||
| 999 |
_c41101 _d41101 |
||